000 00603cam a22002053a 4500
001 38994
003 PGUSA
005 20140828083848.0
008 120227s2012||||xxu|||||s|||||000 | eng d
040 _aPGUSA
_beng
042 _adc
100 1 _aMears, James R.
245 1 4 _aThe Iron Boys as Foremen ;
_bor, Heading the Diamond Drill Shift
_h[electronic resource] /
_cJames R. Mears
260 _bProject Gutenberg,
_c2012
506 _aPublic domain in the USA.
516 _aElectronic text
830 0 _aProject Gutenberg
_v38994
856 4 0 _uhttp://www.gutenberg.org/ebooks/38994
942 _cEB
999 _c268247
_d268247